000 00629nam a2200217Ia 4500
999 _c42884
_d42884
001 9593
003 GE_BSU
005 20221116141529.0
008 181216s||||||||xx |||||||||||||| ||und||
020 _a9780470556849x
040 _cGE_BSU
041 _aeng
080 _a624 B-94
100 _aBudhu,Muni
_915852
245 _aSoil Mechanics and Foundations /
_cMuni Budhu.
264 _aNew York :
_bWiley,
_c2011.
300 _a761 p. :
_b27cm.
_cill.
653 _aSoil Mechanics and Foundations
653 _aნიადაგის მექანიკა და საძირკვლები
942 _cBK
_2udc